The first fast draw /

Bibliographic Details
Main Author: L'Amour, Louis, 1908-1988
Format: Book
Language:English
Published: Toronto ; New York : Bantam Books, 1981
Series:Louis L'Amour hardcover collection.

MARC

Tag First Indicator Second Indicator Subfields
LEADER 00000cam a2200000 a 4500
001 in00000387213
005 20151011095433.0
008 820902c19811959nyubf 00011 eng d
020 |a 0553062107 :  |c $7.95 
035 |a (OCoLC)08742922 
035 |9 ABR1988AM 
040 |a JCL  |c JCL  |d TXA  |d UtOrBLW 
049 |a TXAM  |c [1657733]  |a TXAS [dyks]  |c 2 
090 |a PS3523.A446  |b F57 1981b 
092 |a x 
100 1 |a L'Amour, Louis,  |d 1908-1988. 
245 1 4 |a The first fast draw /  |c Louis L'Amour. 
264 1 |a Toronto ; New York :  |b Bantam Books,  |c 1981 
264 4 |c ©1959 
300 |a 148 pages, 2 unnumbered pages of plates :  |b map ;  |c 24 cm. 
336 |a text  |b txt  |2 rdacontent 
337 |a unmediated  |b n  |2 rdamedia 
338 |a volume  |b nc  |2 rdacarrier 
490 1 |a Louis L'Amour hardcover collection 
830 0 |a Louis L'Amour hardcover collection. 
999 |a MARS 
999 f f |s 9398615f-df13-3389-8de0-f375151484ca  |i 691e8747-7ac4-3b21-9ea5-417fd5df30db  |t 0 
952 f f |p ric  |a Texas A&M University  |b Rellis Campus  |c Joint Library Facility  |s JLF  |d Remote Storage  |t 0  |e PS3523.A446 F57 1981b  |h Library of Congress classification  |i unmediated -- volume  |m A14807591790 
998 f f |a PS3523.A446 F57 1981b  |t 0  |l Remote Storage